Byty v krizi?

Bytová politika po r. 1989. Byt ako tovar a prenájom ako služba. Dedičstvo minulého režimu. Bytová výstavba a vlastnícke vzťahy k bytom. Liberalizácia nájomného. Sociálne dôsledky regulácie nájomného. Majitelia versus nájomníci. Privatizácia bytového fondu vo vlastníctve obcí. Transformácia bytových...

ver descrição completa

Na minha lista:
Detalhes bibliográficos
Autor principal: Červenková, A.
Formato: Capítulo de Livro
Idioma:tcheco
Assuntos:
Tags: Adicionar Tag
Sem tags, seja o primeiro a adicionar uma tag!

MARC

LEADER 00000naa a2200000 4500
001 r000558
005 20221205075626.0
041 0 |a cze 
044 |a CZ 
245 1 0 |a Byty v krizi?  |c A. Červenková 
520 |a Bytová politika po r. 1989. Byt ako tovar a prenájom ako služba. Dedičstvo minulého režimu. Bytová výstavba a vlastnícke vzťahy k bytom. Liberalizácia nájomného. Sociálne dôsledky regulácie nájomného. Majitelia versus nájomníci. Privatizácia bytového fondu vo vlastníctve obcí. Transformácia bytových družstiev. 
610 2 0 |a byty 
610 2 0 |a politika bytová 
610 2 0 |a privatizácia 
610 2 0 |a výstavba bytová 
100 1 |a Červenková, A.